Szczegóły MARC21

Spedycja w praktyce : poradnik menedżera /

005 -DATA I CZAS OSTATNIEJ MODYFIKACJI [,]
    • @
    • pole kontrolne
    • 20070315155141.9
020 -Międzynarod. znormalizowany nr książki - ISBN [ , ]
    • a
    • Numer ISBN
    • 8386210923 Find
040 -Instytucja sporządzająca opis [ , ]
    • a
    • Instytucja, która sporządziła opis (NP)
    • SZCZ U
    • c
    • Instytucja, która sporządziła rekord (NP)
    • SZCZ U
041 -Język dokumentu [0, ]
    • a
    • Język tekstu (P)
    • polski
    • h
    • Język tekstu oryginalnego i/lub pośredniego (P)
    • polski
942 -Rodzaj dokumentu [ , ]
    • c
    • Rodzaj dokumentu
    • Książka
100 -Hasło główne - nazwa osobowa [ , ]
    • a
    • Nazwa osobowa (NP)
    • SIKORSKI PIOTR M.
245 -Strefa tytułu i oznaczenia odpowiedzialności [1, ]
    • a
    • Tytuł
    • Spedycja w praktyce : Find
    • b
    • Ciąg dalszy tytułu (NP)
    • poradnik menedżera / Find
260 -Strefa adresu wydawniczego [ , ]
    • a
    • Miejsce wydania (P)
    • Warszawa :
    • b
    • Nazwa wydawcy (P)
    • CIM,
    • c
    • Data wydania (P)
    • 1999.
300 -Strefa opisu fizycznego [ , ]
    • a
    • Określenie formy książki i/lub objętość (NP)
    • 276 s. :
    • c
    • Format (NP)
    • 21 cm.
490 -Strefa serii i książki wielotomowej - forma nie do wyszukiwania [0, ]
    • a
    • Tytuł (P)
    • (Lektury Menedżera / Centrum Informacji Menedżera) Find
500 -Uwaga ogólna [ , ]
    • a
    • Uwaga ogólna (NP)
    • Bibliogr
080 -Uniwersalna Klasyfikacja Dziesiętna [ , ]
    • a
    • Symbol klasyfikacji
    • 656.96
    • 9
    • UKD
    • 5579
    • 2
    • Identyfikator wydania tablic
    • UDC-P058
    • b
    • Dopowiedzenie
    • Przedsiębiorstwa wysyłkowe i przewozowe. Przedsiębiorstwa spedycyjne.
080 -Uniwersalna Klasyfikacja Dziesiętna [ , ]
    • a
    • Symbol klasyfikacji
    • :658.1/.5
080 -Uniwersalna Klasyfikacja Dziesiętna [ , ]
    • a
    • Symbol klasyfikacji
    • :339.5
980 -Symbol UKD [ , ]
    • a
    • UKD
    • 656.96:658.1/.5:339.5
700 -Hasło dodatkowe - nazwa osobowa [ , ]
    • a
    • Nazwa osobowa (NP)
    • Zembrzycki Tomasz Find
920 -ISBN [ , ]
    • a
    • ISBN
    • 83-86210-92-3 Find
Data inwentaryzacji Lokalizacja Status udost. Numer inwentarzowy Sygnatura
1999-12-07T-2T.1408T.1408
1999-12-07T-3T.1409T.1409
2000-02-23T-6T.1870T.1870
2000-02-23T-6T.1871T.1871
2000-02-23T-6T.1872T.1872
2000-02-23T-6T.1873T.1873
2000-02-23T-3T.1874T.1874
2000-02-23T-3T.1875T.1875
2000-02-23T-6T.1876T.1876
2000-02-23T-6T.1877T.1877